A pulyka szaporaságát befolyásoló tényezők vizsgálata a szentesi Árpád Mgtsz törzspulykatelepén
Elmentve itt :
| Szerző: | |
|---|---|
| További közreműködők: | |
| Dokumentumtípus: | Szakdolgozat |
| Megjelent: |
1981
|
| Kulcsszavak: | Pulykatenyésztés Tojástermelés Szaporodásbiológia Szentes |
| Tárgyszavak: | |
| Online Access: | http://diploma.bibl.u-szeged.hu/98496 |
| LEADER | 00848nta a2200241 i 4500 | ||
|---|---|---|---|
| 001 | dipl98496 | ||
| 005 | 20220105113936.0 | ||
| 008 | 220105s1981 hu om 0|| hun d | ||
| 040 | |a SZTE Diploma Repozitórium |b hun | ||
| 041 | |a hun | ||
| 100 | 2 | |a Lukácsné Huszár Ildikó | |
| 245 | 1 | 2 | |a A pulyka szaporaságát befolyásoló tényezők vizsgálata a szentesi Árpád Mgtsz törzspulykatelepén |h [elektronikus dokumentum] / |c Ildikó Lukácsné Huszár |
| 260 | |c 1981 | ||
| 300 | |a 50 | ||
| 650 | 4 | |a Agrár | |
| 650 | 4 | |a Agricultural sciences | |
| 650 | 4 | |a Animal and Dairy science | |
| 695 | |a Pulykatenyésztés | ||
| 695 | |a Tojástermelés | ||
| 695 | |a Szaporodásbiológia | ||
| 695 | |a Szentes | ||
| 700 | 1 | |a Sófalvy Ferenc |e ths | |
| 856 | 4 | 0 | |u http://diploma.bibl.u-szeged.hu/id/eprint/98496/1/1981_lukacsne_huszar_ildiko.pdf |z Dokumentum-elérés |